| 000 | 00535nam a22001817a 4500 | ||
|---|---|---|---|
| 005 | 20170622150802.0 | ||
| 010 | _aENG-118554 | ||
| 020 |
_a9789350451243 _c200.00 |
||
| 035 | _aEN-102086 | ||
| 037 | _bDBAD/PUB | ||
| 082 | _a881 | ||
| 100 | _aChawngthu,Dawngi | ||
| 245 |
_aOf butterflies lullabies and unfinished conversation / _cby Dawngi Chawngthu |
||
| 260 |
_aCalcutta _bWriters Workshop _c2015 |
||
| 270 |
_a162/92,Lake Garden _bCalcutta _e700045 |
||
| 300 |
_a88p. _b22cm(Hb) |
||
| 942 |
_2ddc _cEN _h881 _mCHA |
||
| 999 |
_c140852 _d140852 |
||